Common Word in 3 Movie Titles Quiz Stats

 Plays Quiz Updated Oct 18, 2018

Challenge
Share
Tweet
Embed
Score 0/15 Timer 04:00
2 Plays Today
Movie descriptions Common Word % Correct
Animated characters play basketball vs. aliens; Mysterious artifact found buried on the moon; Company workers who hate their jobsSpace
91.7%
BB gun is the perfect gift; Andy loves playing with his 'unique' toys; Wacky weatherman wins over an English newspaper reporterStory
80.1%
Former German SS dentist tortures US student; Savant Raymond and his math; Tony builds an armored suit Man
73.5%
Spends his time being mistaken for a messiah; Saving the colony from greedy grasshoppers; Story of what it would have been like if he never existedLife
71.4%
Lives of prison guards working on death row; Overpopulated futuristic earth with revolutionary new foodstuff; Col. Mike Kirby kidnaps a North Vietnamese general Green
68.6%
Two hunter-gatherers encounter Biblical characters; A NASA Mars mission is faked; Hijackers seize the plane carrying the President One
66.8%
Students hi-jack a plow to keep school closed; Miami dentist in an arctic challenge; The queen feeds her a poison appleSnow
64.8%
Turbulent love affair during Civil War; Supernatural event while driving a desert road; Steal 50 cars in one night Gone
60.2%
Movie descriptions Common Word % Correct
Rival NYC gang members fall in love; Two best hired guns save President Grant; Mistaken for a government agent and pursued across USWest
57%
The world is overrun by zombies; Must save planet against superior alien technology; A man robs a bank and it turns into a hostage situationDay
54.3%
She takes over her daughter's Wilderness Girl troop; Rednecks strike it rich; Detroit cop pursues a murder investigation Beverly
41.4%
Eight very different couples in various relationship tales; Tom asks his four best friends to witness the popping of the question; Pitka returns to US to start self-help businessLove
34.8%
Fat woman becomes a revenging monster; Former biotech executive impregnates wealthy lesbians; Turning an unattractive girl into prom queenShe
29%
Single man takes care of his precocious daughter; A secretary's idea is stolen by her boss; 18-month stay at a mental hospitalGirl
25.6%
Reverend Biggs' marriage to choir mistress is in trouble; NASA's Streck has difficulty recovering from a space occurence; A clairvoyant thinks she's met her husband to beWife
14%

You're not logged in!

Compare scores with friends on all Sporcle quizzes.
OR
Log In

You Might Also Like...

Show Comments

Extras

Top Quizzes Today


Score Distribution

Your Account Isn't Verified!

In order to create a playlist on Sporcle, you need to verify the email address you used during registration. Go to your Sporcle Settings to finish the process.

Report this User

Report this user for behavior that violates our Community Guidelines.

Details: